00661 2200241 4500001002100000005001500021035002000036001002100056005001500077035002000092245006800112100002200180250001700202300003600219006001800255007000300273008004100276260003400317082000800351084001400359020002200373650002400395INLIS00000000000045720240702082026 a0010-0724000012INLIS00000000000045620240702081440 a0010-07240000111 aFikih 4 untuk Kelas IV Madrasah Ibtidaiyah /cMuh. Rosyid Ridho0 aMuh. Rosyid Ridho acetakan ke-1 axviii, 222 hlm :bilus ;c25 cma ta240702 0  aSolo :bTiga Serangkai,c2023 a2X4 a2X4 MUH f a978-623-199-019-8 4aBuku Teks Pelajaran